000 00685nam a22001937a 4500
999 _c6518
_d6518
003 AR-CdUCM
008 190318b ||||| |||| 00| 0 spa d
040 _aMUNICIPALIDAD PROVINCIAL DEL CUSCO
_cBIBLIOTECA MUNICIPAL DEL CUSCO
082 _a865 /
_bG78
245 _aGrandes personajes para pequeños lectores /
260 _aLima :
_bLibreria Studium,
300 _avarios ;
_c17 cm.
505 _aContenido: Cesar Vallejo -- Jose María Eguren -- Abraham Valdelomar -- Ricardo Palma -- Garcilaso de la Vega -- Jose Santos Chocano -- Manuel Gonzales Prada.
650 _aLiteratura
_983
650 _aAnalisís
_92730
650 _aPerú
_935
942 _2ddc
_cLIBROS
945 _aZta